LEONARDO (Record n. 105946)

Dettagli MARC
000 -LEADER
fixed length control field 01598agaaa2200289 4500
001 - CONTROL NUMBER
control field 8587
003 - CONTROL NUMBER IDENTIFIER
control field IT-RoPAU
005 - DATE AND TIME OF LATEST TRANSACTION
control field 20220918181238.0
007 - PHYSICAL DESCRIPTION FIXED FIELD--GENERAL INFORMATION
fixed length control field d cvaizq
008 - FIXED-LENGTH DATA ELEMENTS--GENERAL INFORMATION
fixed length control field 50131s9999||||xx ||| | || ||und||
040 ## - CATALOGING SOURCE
Original cataloging agency IT-RoPAU
Transcribing agency IT-RoPAU
041 ## - LANGUAGE CODE
Language code of text/sound track or separate title ITALIANO
100 ## - MAIN ENTRY--PERSONAL NAME
Personal name Manfio Sergio
Miscellaneous information Codice regista SPICS: 55764
9 (RLIN) 44250
130 ## - MAIN ENTRY--UNIFORM TITLE
Uniform title LEONARDO
9 (RLIN) 44251
245 ## - TITLE STATEMENT
Title LEONARDO
Statement of responsibility, etc. Prodotto da: Romanelli A. Manfio -- Sceneggiatura: Manfio Sergio Manfio Francesco -- Diretto da: Manfio Sergio
Name of part/section of a work LEONARDO (Rif. Codice opera principale : H8587)
250 ## - EDITION STATEMENT
Edition statement Edizione Standard
260 ## - PUBLICATION, DISTRIBUTION, ETC. (IMPRINT)
Place of publication, distribution, etc. (ITALIA)
Name of publisher, distributor, etc. RAI FICTION - GRUPPO AMICI - RQ ENTERTAINME / Distribuzione: MULTIMEDIA SAN PAOLO
Date of manufacture "2007 (1° ed.: 2009 ; Ed. Lingua Orig.: 2007)"
300 ## - PHYSICAL DESCRIPTION
Extent DVD
Other physical details sonoro, col.
Dimensions 340 minuti
508 ## - CREATION/PRODUCTION CREDITS NOTE
Creation/production credits note "Musica: Manfio Sergio; Sceneggiatura: Manfio Sergio Manfio Francesco; "
520 ## - SUMMARY, ETC.
Summary, etc. SECONDA META' DEL XV SECOLO. LEONARDO E' ANCORA UN BAMBINO COME GLI ALTRI,MA MOSTRA GIA' DI POSSEDERE DOTI PARTICOLARI: E' BRILLANTE, SIA NEI GIOCHIDI SQUADRA SIA NELL'IDEARE NUOVE INVENZIONI, COSTRUITE CON MATERIALI DI FORTUNA COME MOLLE O ELASTICI. MOLTO SPESSO LEONARDO DEVE PERO' COMTROBATTEREAI TRANELLI E ALL'INIMICIZIA DI GOTTARDO E DI SUA SORELLA LAURA, I FIGLI INVIDIOSI DEL SIGNOROTTO DI VINCI...
538 ## - SYSTEM DETAILS NOTE
System details note PAL, STEREO
546 ## - LANGUAGE NOTE
Language note ITALIANO
650 ## - SUBJECT ADDED ENTRY--TOPICAL TERM
Topical term or geographic name as entry element ANIMAZIONE
Relator term DVD-FILM [DVD]
General subdivision Codice MATERIA SPICS: 9947
9 (RLIN) 44252
700 ## - ADDED ENTRY--PERSONAL NAME
Personal name Manfio Sergio
Relator term (regista)
Miscellaneous information Codice regista SPICS: 55764
9 (RLIN) 44253
700 ## - ADDED ENTRY--PERSONAL NAME
Personal name Manfio Sergio
Relator term (musica)
Miscellaneous information Codice Musica SPICS: 55764
9 (RLIN) 44254
942 ## - ADDED ENTRY ELEMENTS (KOHA)
Koha item type DVD
Source of classification or shelving scheme Dewey Decimal Classification
Dati di copia
Withdrawn status Lost status Damaged status Not for loan Home library Current library Date acquired Total Checkouts Full call number Date last seen Price effective from Koha item type Public note
    Buone Condizioni Not For Loan SPICS-MEDIATECA SPICS-MEDIATECA 31/01/2015   H8587 31/01/2015 31/01/2015 DVD Progr. Ins.: 3773 / N.Vol.:2 / Copie: 1 / Pag.:0 / Copia rara: n.d. / date import: 1.2.2015 / By Epidotti, Trombetti, Vaglietti
CREDITS: SOCIETA' SAN PAOLO Via A.Severo, 58 - ROMA (RM) & PERIODICI SAN PAOLO SRL Via Giotto, 36 MILANO & CISF Via Giotto, 36 MILANO & EDIZIONI SAN PAOLO SRL,  Piazza Soncino, 5 CINISELLO BALSAMO (MI) -- ITALY